| 000 | 05312nam a22002777a 4500 | ||
|---|---|---|---|
| 005 | 20240530110536.0 | ||
| 008 | 160413s2012 le abf f be 000 0 ara d | ||
| 020 | _a9786144031353 | ||
| 040 | _aEG-CaGPL | ||
| 082 | 0 | 4 |
_221 _a962.003 _bق/م م |
| 245 | 0 | 0 |
_aموسوعة جغرافية مصر و تاريخها / _cمجموعة من المؤلفين _nالمجلد الاول _pالرحلة الاولى للبحث عن ينابيع البحر الابيض ( النيل الابيض ) . _nالمجلد الثانى _pعجائب الاثار فى التراجم و الاخبار - 1- : الجزء الاول : الغزو العثمانى لمصر - 1 - . _nالمجلد الثالث _pعجائب الاثار فى التراجم و الاخبار- 1 - : الجزء الاول : الغزو العثمانى لمصر - 2 - . _nالمجلد الرابع _pعجائب الاثار فى التراجم و الاخبار - 1 - : الجزء الاول : الغزو العثمانى لمصر - 3 - . _nالمجلد الخامس _pعجائب الاثار فى التراجم و الاخبار -2 - الجزء الثانى : قيام و سقوط على بك - 1 - . _nالمجلد السادس _pعجائب الاثار فى التراجم و الاخبار -2 - الجزء الثانى : قيام و سقوط على بك - 2 - . _nالمجلد السابع _pعجائب الاثار فى التراجم و الاخبار -2 - الجزء الثانى : قيام و سقوط على بك - 3 - . _nالمجلد الثامن _pعجائب الاثار فى التراجم و الاخبار -2 - الجزء الثانى : قيام و سقوط على بك - 4 - . _nالمجلد التاسع _pعجائب الاثار فى التراجم و الاخبار - 3 - الجزء الثالث : اخرة المماليك - 1 - . _nالمجلد العاشر _pعجائب الاثار فى التراجم و الاخبار - 3 - الجزء الثالث : اخرة المماليك - 2 - . _nالمجلد الحادى عشر _pعجائب الاثار فى التراجم و الاخبار - 3 - الجزء الثالث : اخرة المماليك - 3 - . _nالمجلد الثانى عشر _pعجائب الاثار فى التراجم و الاخبار - 4 - الجزء الرابع : الغزوة الفرنسية - 1 - . _nالمجلد الثالث عشر _pعجائب الاثار فى التراجم و الاخبار - 4 - الجزء الرابع : الغزوة الفرنسية - 2 - . _nالمجلد الرابع عشر _pعجائب الاثار فى التراجم و الاخبار - 4 - الجزء الرابع : الغزوة الفرنسية - 3 - . _nالمجلد الخامس عشر _pعجائب الاثار فى التراجم و الاخبار - 4 - الجزء الرابع : الغزوة الفرنسية - 4 - . _nالمجلد السادس عشر _pعجائب الاثار فى التراجم و الاخبار - 4 - الجزء الرابع : الغزوة الفرنسية - 5 - . _nالمجلد السابع عشر _pعجائب الاثار فى التراجم و الاخبار - 5 - الجزء الخامس : محمد على و تجربة الاستقلال - 1 - . _nالمجلد الثامن عشر _pعجائب الاثار فى التراجم و الاخبار - 5 - الجزء الخامس : محمد على و تجربة الاستقلال - 2 - . _nالمجلد التاسع عشر _pعجائب الاثار فى التراجم و الاخبار - 5 - الجزء الخامس : محمد على و تجربة الاستقلال - 3 - . _nالمجلد العشرون _pعجائب الاثار فى التراجم و الاخبار - 5 - الجزء الخامس : محمد على و تجربة الاستقلال - 4 - . _nالمجلد الحادى و العشرون _pعجائب الاثار فى التراجم و الاخبار - 5 - الجزء الخامس : محمد على و تجربة الاستقلال - 5 - . _nالمجلد الثانى و العشرون _pعجائب الاثار فى التراجم و الاخبار - 5 - الجزء الخامس : محمد على و تجربة الاستقلال - 6 - . _nالمجلد الثالث و العشرون _pعجائب الاثار فى التراجم و الاخبار - 5 - الجزء الخامس : محمد على و تجربة الاستقلال - 7 - . _nالمجلد الرابع و العشرون _pالدليل فى موارد اعالى النيل - 1 - . _nالمجلد الخامس و العشرون _pالدليل فى موارد اعالى النيل - 2 - . _nالمجلد السادس و العشرون _pالدليل فى موارد اعالى النيل - 3 - . |
| 250 | _aط1 | ||
| 260 |
_aبيروت : _bدار نوبليس ، _c2012 . |
||
| 300 |
_a26 مج : _bايض ؛ _c24 سم . |
||
| 504 | _aيشتمل على ارجاعات ببليوجرافية | ||
| 650 | 0 | 4 | _aالنيل الابيض |
| 651 | 0 | 4 |
_aمصر _xتاريخ |
| 651 | 0 | 4 |
_aمصر _xتاريخ _yعصر المماليك |
| 651 | 0 | 4 |
_aمصر _xتاريخ _yالحملة الفرنسية |
| 651 | 0 | 4 |
_aمصر _xجغرافيا |
| 651 | 0 | 4 |
_aمصر _xتاريخ _yالعصر العثمانى |
| 651 | 0 | 4 |
_aمصر _xتاريخ _yعصر محمد على باشا ( 1805 - 1849 م ) |
| 700 | 0 |
_aمجموعة من المؤلفين _eمؤلف |
|
| 942 |
_2ddc _cBK |
||
| 999 |
_c62186 _d62186 |
||